Islamic science : towards a definition

Bibliographic Details
Main Author: Acikgenc, Alparslan , 1952- (Author)
Format: Book
Language:English
Published: Kuala Lumpur : International Institute of Islamic Thought and Civilization , 1996
Subjects:

MARC

LEADER 00000cam a2200000 7i4500
001 0000024421
005 20201125093000.0
008 060713s1996 my eng
020 |a 9839900285 
090 0 0 |a BP190.5.S3   |b A25 1996 
100 1 |a Acikgenc, Alparslan ,   |d 1952- ,   |e author 
245 1 0 |a Islamic science :   |b towards a definition   |c Alparslan Acikgenc 
260 2 |a Kuala Lumpur :   |b International Institute of Islamic Thought and Civilization ,   |c 1996 
300 |a vi, 106 p. ;   |c 22 cm. 
505 0 |a 1. The concept of Islamicity -- 2. The Islamic concept of science -- 3. The historical background of Islamic science -- 4. Conclusion 
650 0 |a Islam and science 
650 0 |a Islam and science   |x History 
999 |a 1000070494   |b Book   |c OPEN SHELF (30 DAYS)   |e Gong Badak Campus 
999 |a 1000107371   |b Book   |c OPEN SHELF (30 DAYS)   |e Gong Badak Campus 
999 |a 1000126839   |b Book   |c OPEN SHELF (30 DAYS)   |e Gong Badak Campus